[Event "FIDE World Rapid 2013"]
[Site "Khanty-Mansiysk RUS"]
[Date "2013.06.07"]
[Round "7.18"]
[White "Vitiugov, Nikita"]
[Black "Bezgodov, Alexei"]
[Result "1-0"]
[WhiteTitle "GM"]
[BlackTitle "GM"]
[WhiteElo "2734"]
[BlackElo "2482"]
[WhiteFideId "4152956"]
[BlackFideId "4105257"]
[EventDate "2013.06.06"]

1. d4 d5 2. c4 Bf5 3. Nc3 e6 4. cxd5 exd5 5. Bf4 c6 6. e3 Nd7 7. Nge2 h5 8. h4
Be7 9. Ng3 Bg6 10. Bd3 Bxd3 11. Qxd3 g6 12. e4 dxe4 13. Ngxe4 Ngf6 14. O-O-O O-O
15. Ng5 Nb6 16. Ne6 Qd7 17. Nxf8 Bxf8 18. Be5 Ng4 19. Ne4 Nd5 20. Bg3 Bg7 21.
Rhe1 b6 22. f3 Nh6 23. Be5 f6 24. Bg3 Nf5 25. Bf2 Nf4 26. Qf1 Qd5 27. Kb1 Rd8
28. g3 Ne6 29. Nc3 1-0

[Event "FIDE World Rapid 2013"]
[Site "Khanty-Mansiysk RUS"]
[Date "2013.06.07"]
[Round "7.19"]
[White "Rakhmanov, Aleksandr"]
[Black "Rublevsky, Sergei"]
[Result "1/2-1/2"]
[WhiteTitle "GM"]
[BlackTitle "GM"]
[WhiteElo "2602"]
[BlackElo "2695"]
[WhiteFideId "4173708"]
[BlackFideId "4115309"]
[EventDate "2013.06.06"]

1. d4 d5 2. Nf3 Nf6 3. e3 Bf5 4. Bd3 e6 5. Bxf5 exf5 6. Qd3 Qc8 7. O-O Bd6 8. c4
dxc4 9. Qxc4 O-O 10. Nc3 Nc6 11. Bd2 Re8 12. Rac1 Qd7 13. Rfd1 Ne4 14. Be1 a6
15. Ne2 Rad8 16. Qb3 Qc8 17. a3 h6 18. h3 Ng5 19. Nxg5 hxg5 20. d5 Ne5 21. Bb4
Qd7 22. Nd4 g4 23. Bxd6 cxd6 24. Qc2 g6 25. hxg4 Nxg4 26. Qc7 Re7 27. Qxd7 Rdxd7
28. Rc8+ Kg7 29. Ne2 Rc7 30. Rc1 Rxc1+ 31. Rxc1 Nf6 32. Rc8 Nxd5 33. Rd8 Nb6 34.
b3 Rd7 35. Rb8 Nd5 36. a4 Kf6 37. g3 Rc7 38. Nd4 Nc3 39. Kf1 Ke5 40. Ke1 Kd5 41.
f3 Kc5 42. Kd2 Nd5 43. Nc2 Nb4 44. Nd4 Nc6 45. Nxc6 Kxc6 46. b4 Kb6 47. Rd8 Kc6
48. Kd3 Kd5 49. Rb8 Re7 50. Rc8 Rd7 51. b5 axb5 52. axb5 Ke5 53. Re8+ Kd5 54.
Rc8 b6 55. Rc6 Rb7 56. Ke2 g5 57. Kd3 g4 58. fxg4 fxg4 59. Ke2 Ke5 60. Kd3 d5
61. Ke2 Ke4 62. Rf6 Ke5 63. Rc6 d4 64. exd4+ Kxd4 65. Kf2 Rb8 66. Kg2 Ke3 67.
Rc3+ Kd4 68. Rc6 f5 69. Rf6 Ke4 70. Re6+ Kd5 71. Rf6 Ke5 72. Rc6 Rb7 73. Kf2 Ke4
74. Re6+ Kd5 75. Rf6 Ke5 76. Rc6 Kd4 77. Rf6 Ke5 78. Rc6 Rb8 79. Rh6 Ra8 80.
Rxb6 Ra2+ 81. Kf1 Rb2 82. Ra6 Rxb5 83. Ra4 Rb2 84. Rc4 Rd2 85. Ra4 Rd4 86. Ra8
Ke4 87. Ke2 Rb4 88. Re8+ Kd5 89. Rd8+ Ke6 90. Re8+ Kf7 91. Ra8 Rb2+ 92. Kf1 Ke6
93. Ra5 Rd2 94. Rb5 Rd5 95. Rb8 Ra5 96. Ke2 Ke5 97. Re8+ Kd4 98. Rd8+ Rd5 99.
Ra8 Re5+ 100. Kf2 Rc5 101. Rd8+ Ke5 102. Re8+ Kf6 103. Rf8+ Ke7 104. Ra8 Rc2+
105. Kf1 Ke6 106. Ra5 Rd2 107. Rb5 Ra2 108. Rc5 Ra3 109. Kf2 Rf3+ 110. Kg2 Rd3
111. Kf2 Rd2+ 112. Kf1 Ra2 113. Rb5 Ra3 114. Kf2 Rf3+ 115. Kg2 Kf6 116. Rb8 Rd3
117. Rf8+ Ke5 118. Re8+ Kd4 119. Rd8+ Ke3 120. Re8+ Kd2 121. Re5 Rf3 122. Ra5
Ke3 123. Ra3+ Ke2 124. Ra2+ 1/2-1/2

[Event "FIDE World Rapid 2013"]
[Site "Khanty-Mansiysk RUS"]
[Date "2013.06.07"]
[Round "7.20"]
[White "Gordievsky, Dmitry"]
[Black "Zvjaginsev, Vadim"]
[Result "0-1"]
[WhiteTitle "FM"]
[BlackTitle "GM"]
[WhiteElo "2474"]
[BlackElo "2659"]
[WhiteFideId "24112798"]
[BlackFideId "4113403"]
[EventDate "2013.06.06"]

1. d4 Nf6 2. c4 c5 3. d5 b5 4. cxb5 a6 5. e3 e6 6. Nc3 exd5 7. Nxd5 Bb7 8. Nxf6+
Qxf6 9. Nf3 Be7 10. bxa6 Bxa6 11. Bxa6 Qxa6 12. Qe2 Bf6 13. a3 O-O 14. Rb1 Nc6
15. Qxa6 Rxa6 16. Ke2 Rb8 17. Rd1 Rxa3 18. Rxd7 Ra6 19. Nd2 Re8 20. Rd5 Nd4+ 21.
Kf1 Ne6 22. Ne4 Be7 23. Bd2 Ra4 24. f3 f6 25. Bc3 Nc7 26. Rd7 Nb5 27. g4 Bf8 28.
Rbd1 Nxc3 29. bxc3 Ra2 30. R7d2 Raa8 31. Ke2 Be7 32. Rd7 Ra2+ 33. R1d2 Ra1 34.
Rd1 Ra2+ 35. R7d2 Ra3 36. Rd5 Kf8 37. Rb1 Ra2+ 38. Rd2 Ra7 39. Rb5 Rc8 40. h4
Kf7 41. h5 g6 42. Rdb2 gxh5 43. Rb7 Rc7 44. Rxc7 Rxc7 45. gxh5 f5 46. Ng3 Bf6
47. Nxf5 Bxc3 48. Rc2 Ke6 49. e4 Be5 50. Ke3 c4 51. f4 Ba1 52. Nd4+ Kf7 53. e5
c3 54. Ke4 Rb7 55. f5 Rb1 56. Kd5 Rd1 57. f6 Bb2 58. Kc4 Rd2 59. Kd5 Rd1 60. Ke4
Rd2 61. Ke3 h6 62. Ke4 Ba1 63. Rc1 Bb2 64. Rc2 Ba1 65. Kd5 Bb2 66. Kc4 Ba1 67.
Rxc3 Bxc3 68. Kxc3 Rh2 69. Kc4 Rxh5 70. Kd5 Rg5 71. Kd6 h5 72. Nf3 Rg4 73. Kd7
h4 74. e6+ Kxf6 75. e7 Rg7 76. Nxh4 Rxe7+ 77. Kd6 Re3 78. Ng2 Re4 79. Kd5 Kf5
80. Kc5 Ke5 0-1

[Event "FIDE World Rapid 2013"]
[Site "Khanty-Mansiysk RUS"]
[Date "2013.06.07"]
[Round "7.21"]
[White "Georgiev, Kiril"]
[Black "Gundavaa, Bayarsaikhan"]
[Result "0-1"]
[WhiteTitle "GM"]
[BlackTitle "GM"]
[WhiteElo "2636"]
[BlackElo "2516"]
[WhiteFideId "2900017"]
[BlackFideId "4901045"]
[EventDate "2013.06.06"]

1. d4 Nf6 2. c4 g6 3. Nc3 Bg7 4. e4 d6 5. Nf3 O-O 6. Be2 e5 7. O-O Na6 8. Be3
Ng4 9. Bg5 Qe8 10. dxe5 dxe5 11. h3 Nf6 12. Be3 Qe7 13. Nd5 Qd8 14. Qc2 c6 15.
Nc3 Qe7 16. a3 Nh5 17. b4 Nf4 18. c5 Nc7 19. Rfd1 Nxe2+ 20. Qxe2 Ne6 21. Rd6 Re8
22. Rad1 Nf4 23. Qd2 Be6 24. Bxf4 exf4 25. e5 g5 26. Ne4 h6 27. h4 Bd5 28. Nf6+
Bxf6 29. exf6 Qe4 30. hxg5 hxg5 31. Re1 Qf5 32. Nd4 Qg4 33. f3 Qh4 34. Re7 a5
35. b5 Rxe7 36. fxe7 g4 37. Nf5 Qg5 38. fxg4 Re8 39. b6 Rxe7 40. Nxe7+ Qxe7 41.
Qxf4 Qe1+ 42. Kh2 Qh4+ 43. Kg1 Qe1+ 44. Qf1 Qe3+ 45. Qf2 Qxa3 46. Rd8+ Kg7 47.
Qd4+ f6 48. Rd7+ Kg6 49. Qf2 Qa1+ 50. Kh2 Qe5+ 51. Kh3 Be6 52. Rd4 Qh5+ 53. Kg3
Qxc5 54. Rf4 Qe5 55. Kh3 Qh5+ 56. Kg3 Qe5 57. Kh3 Qh5+ 58. Qh4 Qe5 59. Rf3 a4
60. Qh8 0-1

[Event "FIDE World Rapid 2013"]
[Site "Khanty-Mansiysk RUS"]
[Date "2013.06.07"]
[Round "7.22"]
[White "Guseinov, Gadir"]
[Black "Potapov, Pavel"]
[Result "1-0"]
[WhiteTitle "GM"]
[BlackTitle "IM"]
[WhiteElo "2631"]
[BlackElo "2460"]
[WhiteFideId "13401378"]
[BlackFideId "4169786"]
[EventDate "2013.06.06"]

1. e4 c5 2. Nc3 Nc6 3. Nf3 e5 4. Bc4 Be7 5. d3 d6 6. O-O Nf6 7. Ng5 O-O 8. f4
Bg4 9. Nf3 exf4 10. Bxf4 Nd4 11. Qd2 Nxf3+ 12. gxf3 Be6 13. Rae1 Qd7 14. Kh1 Kh8
15. Rg1 Nh5 16. Bg5 f6 17. Bxe6 Qxe6 18. Be3 f5 19. Bg5 Qf7 20. Bxe7 Qxe7 21.
Rg5 Qe8 22. Nd5 h6 23. Rg2 fxe4 24. fxe4 Qf7 25. Ne3 Qf3 26. Rf1 Qh3 27. Nf5 d5
28. Qc3 Rad8 29. Qxc5 dxe4 30. dxe4 b6 31. Qf2 g6 32. Rxg6 Rd2 33. Rxh6+ Kg8 34.
Ne7+ 1-0

[Event "FIDE World Rapid 2013"]
[Site "Khanty-Mansiysk RUS"]
[Date "2013.06.07"]
[Round "7.24"]
[White "Popov, Ivan RUS"]
[Black "Ram, S. Krishnan"]
[Result "1-0"]
[WhiteTitle "GM"]
[WhiteElo "2632"]
[BlackElo "2248"]
[WhiteFideId "4170350"]
[BlackFideId "5010519"]
[EventDate "2013.06.06"]

1. e4 e6 2. d4 d5 3. Nc3 Nf6 4. Bg5 dxe4 5. Nxe4 Be7 6. Bxf6 Bxf6 7. Nf3 Nd7 8.
Bc4 a6 9. Qe2 b5 10. Bd5 Rb8 11. Bc6 O-O 12. O-O-O Nb6 13. Ne5 Bb7 14. Qf3 Bxe5
15. dxe5 Nd5 16. Bxb7 Rxb7 17. h4 Qe7 18. h5 h6 19. g4 f5 20. exf6 gxf6 21. Rhe1
Rb6 22. Ng3 Qc5 23. Qe4 Rf7 24. Qg6+ Rg7 25. Qe8+ Kh7 26. Ne4 Qc4 27. b3 Qc6 28.
Qf8 b4 29. Nxf6+ Nxf6 30. Qxf6 Qg2 31. Rxe6 Qxg4 32. Qxh6+ 1-0

[Event "FIDE World Rapid 2013"]
[Site "Khanty-Mansiysk RUS"]
[Date "2013.06.07"]
[Round "7.25"]
[White "Pridorozhni, Aleksei"]
[Black "Nadanian, Ashot"]
[Result "1-0"]
[WhiteTitle "GM"]
[BlackTitle "IM"]
[WhiteElo "2512"]
[BlackElo "2428"]
[WhiteFideId "4127870"]
[BlackFideId "13300393"]
[EventDate "2013.06.06"]

1. e4 d5 2. Nc3 d4 3. Nce2 e5 4. Ng3 g6 5. Bc4 h5 6. d3 h4 7. N3e2 Nc6 8. h3 Na5
9. Bb3 Nxb3 10. axb3 Be6 11. f4 exf4 12. Bxf4 Bb4+ 13. Bd2 Qg5 14. g4 hxg3 15.
Bxb4 Qe3 16. Qd2 Qf2+ 17. Kd1 Qg2 18. Qf4 Qxh1 19. Qxc7 Rc8 20. Qxb7 Rh5 21.
Rxa7 Qg2 22. Ra8 Rxa8 23. Qxa8+ Kd7 24. Qxg8 Qf1+ 25. Kd2 Rb5 26. Qf8 Kc7 27.
Qd6+ Kb7 28. Qe7+ Kb6 29. Qd6+ Kb7 30. Bc5 Qf6 31. Bxd4 Qg5+ 32. Be3 Qf6 33. Nc3
Rh5 34. Nd5 1-0

[Event "FIDE World Rapid 2013"]
[Site "Khanty-Mansiysk RUS"]
[Date "2013.06.07"]
[Round "7.26"]
[White "Cherniaev, Alexander"]
[Black "Al-Sayed, Mohammed"]
[Result "1/2-1/2"]
[WhiteTitle "GM"]
[BlackTitle "GM"]
[WhiteElo "2447"]
[BlackElo "2498"]
[WhiteFideId "4117301"]
[BlackFideId "12100196"]
[EventDate "2013.06.06"]

1. e4 d6 2. Nc3 e5 3. Bc4 Nf6 4. d3 c6 5. Bb3 Nbd7 6. f4 Nc5 7. Nf3 Nxb3 8. axb3
exf4 9. Bxf4 Be7 10. O-O O-O 11. Kh1 Bg4 12. Qe1 Bh5 13. Nh4 Bg6 14. Bg5 Nd7 15.
Bxe7 Qxe7 16. Ne2 Qe5 17. Qc3 Qh5 18. Nf3 Qc5 19. Nf4 Qxc3 20. bxc3 a6 21. g4
Rae8 22. Kg2 Ne5 23. Kg3 Nxf3 24. Rxf3 f6 25. Ng2 Bf7 26. Ne3 Be6 27. c4 Kf7 28.
Nf5 Bxf5 29. gxf5 g5 30. h4 Rg8 31. hxg5 Rxg5+ 32. Kf4 h5 33. Rh1 Kg7 34. Rfh3
Kh6 35. Rh4 Reg8 36. Kf3 Rg3+ 37. Kf2 Rg2+ 38. Kf1 R2g5 39. Ke2 b5 40. Kd2 bxc4
41. bxc4 a5 42. Kc3 Rb8 43. R4h2 Rc8 44. Kd4 Rd8 45. Ra1 Ra8 46. Kc3 Rg4 47.
Rah1 Rg5 48. Kb3 Rb8+ 49. Ka4 Ra8 50. Rb1 Rg4 51. Rbh1 Rg5 52. Rb1 Rg4 53. Rbh1
Rg5 54. Rb1 Ra7 55. Ka3 Ra8 56. Ka2 Rg4 57. Rbh1 Rg5 58. Rb1 Rag8 59. Rbh1 Rb8
60. Ka3 Rb4 61. Ka2 Rb8 62. Ka3 Rb4 63. Ka2 Rb8 1/2-1/2

[Event "FIDE World Rapid 2013"]
[Site "Khanty-Mansiysk RUS"]
[Date "2013.06.07"]
[Round "7.27"]
[White "Nguyen, Ngoc Truong Son"]
[Black "Pasiev, Rakhim"]
[Result "1-0"]
[WhiteTitle "GM"]
[BlackTitle "IM"]
[WhiteElo "2625"]
[BlackElo "2384"]
[WhiteFideId "12401110"]
[BlackFideId "24122475"]
[EventDate "2013.06.06"]

1. d4 d5 2. c4 Nc6 3. Nf3 Bg4 4. Nc3 e6 5. cxd5 exd5 6. Bf4 Bxf3 7. gxf3 Bd6 8.
Bg3 Nge7 9. e3 h5 10. a3 h4 11. Bxd6 Qxd6 12. f4 f5 13. Rg1 g6 14. Rc1 O-O-O 15.
Na4 Nb8 16. Nc5 Nd7 17. Nd3 Kb8 18. Be2 Rdg8 19. Rg5 Nc6 20. Ne5 Ncxe5 21. dxe5
Qe6 22. Bf3 c6 23. Qd4 Qe7 24. Qb4 Qe6 25. h3 Rd8 26. a4 Rc8 27. Qd4 Rhg8 28. a5
Qe7 29. Be2 Nf8 30. Rg2 Ne6 31. Qa4 Qd7 32. Rd1 Rg7 33. b4 a6 34. Qc2 Qc7 35.
Bd3 Rf8 36. Ke2 g5 37. Rdg1 gxf4 38. Rxg7 Nxg7 39. exf4 Ne6 40. Qd2 c5 41. bxc5
Nd4+ 42. Kf1 Nf3 43. Qb4 Nxg1 44. Kxg1 Qc6 45. Qd4 Rc8 46. Bxf5 Qxc5 47. Qxc5
Rxc5 48. Bg4 Kc7 49. f5 Kd8 50. f6 Rxa5 51. e6 Ra1+ 52. Kg2 Re1 53. e7+ Ke8 54.
Bh5+ Kd7 55. Bg4+ Ke8 56. Bh5+ Kd7 57. Bf3 Re5 58. Bg4+ Ke8 59. f4 Re4 60. Bh5+
Kd7 61. Kf3 Re1 62. Bg4+ Ke8 63. Bh5+ Kd7 64. Kf2 Re4 65. Kf3 Re1 66. Bg6 d4 67.
Kg4 Re3 68. Bf5+ Ke8 69. Bg6+ Kd7 70. Kg5 d3 71. Kh6 d2 72. Bh5 b5 73. Bg4+ Kd6
74. f7 Re6+ 75. Bxe6 Kxe7 76. Kg7 Kxe6 77. f8=Q Kd5 1-0

[Event "FIDE World Rapid 2013"]
[Site "Khanty-Mansiysk RUS"]
[Date "2013.06.07"]
[Round "7.28"]
[White "Vasquez Schroeder, Rodrigo"]
[Black "Skatchkov, Pavel"]
[Result "1-0"]
[WhiteTitle "GM"]
[BlackTitle "GM"]
[WhiteElo "2542"]
[BlackElo "2486"]
[WhiteFideId "3400042"]
[BlackFideId "4121848"]
[EventDate "2013.06.06"]

1. e4 e5 2. Nf3 d5 3. exd5 e4 4. Qe2 Nf6 5. d3 Qxd5 6. Nfd2 Nc6 7. Nc3 Qa5 8.
Ndxe4 Be6 9. Nxf6+ gxf6 10. Bd2 Nd4 11. Qd1 O-O-O 12. Ne2 Qe5 13. c3 Nc6 14. d4
Qb5 15. Nf4 Qxb2 16. Nxe6 fxe6 17. Bc4 Nxd4 18. cxd4 Bb4 19. Bxe6+ Kb8 20. Bxb4
Qxb4+ 21. Kf1 Rhe8 22. Qb3 Qxd4 23. Rb1 Qe4 24. f3 Qc6 25. Bf5 b6 26. Be4 Qc5
27. Qc2 Qxc2 28. Bxc2 Rd2 29. Bd1 Rxa2 30. h4 a5 31. h5 Rg8 32. Bb3 Rgxg2 33.
Bxa2 Rxa2 34. Rh4 Kb7 35. Rf4 Rh2 36. Rb5 c6 37. Rbf5 b5 38. Rxf6 Rxh5 39. Rf8
a4 40. R4f7+ Kb6 41. Ra8 Kc5 42. Rf6 Kd5 43. Rd8+ Kc5 44. Rdd6 a3 45. Rxc6+ Kb4
46. Ra6 Rh2 47. Rh6 Rb2 48. Rxh7 Kb3 49. f4 b4 50. f5 Rc2 51. f6 Rc5 52. Rha7
Rf5+ 53. Ke2 Kb2 54. Ke3 b3 55. Ke4 Rf1 56. Ke5 a2 57. Ke6 Kc3 58. Rxa2 1-0

[Event "FIDE World Rapid 2013"]
[Site "Khanty-Mansiysk RUS"]
[Date "2013.06.07"]
[Round "7.29"]
[White "Byambaa, Zulzaga"]
[Black "Akbaev, Kazbek"]
[Result "1/2-1/2"]
[WhiteTitle "FM"]
[BlackTitle "IM"]
[WhiteElo "2285"]
[BlackElo "2475"]
[WhiteFideId "4900642"]
[BlackFideId "4131045"]
[EventDate "2013.06.06"]

1. e4 e6 2. d4 d5 3. exd5 exd5 4. c4 c6 5. Nc3 Nf6 6. Nf3 Bd6 7. Be2 O-O 8. O-O
h6 9. h3 Be6 10. c5 Bc7 11. Be3 Qd7 12. Ne5 Bxe5 13. dxe5 Ne4 14. Bd3 Nxc3 15.
bxc3 Bf5 16. Bd4 Na6 17. f4 Bxd3 18. Qxd3 Qe7 19. f5 Nxc5 20. Qe3 Ne4 21. f6 Qe6
22. Rf4 g5 23. Rxe4 dxe4 24. h4 c5 25. Bxc5 Qxe5 26. Bxf8 Rxf8 27. hxg5 Qxg5 28.
Qxe4 Qxf6 29. Rf1 Qg6 30. Qxb7 Rd8 31. Qxa7 Rd2 32. Qa8+ Kg7 33. a4 Qb6+ 34. Kh1
Qe6 35. Qf3 Rd5 36. c4 Rg5 37. a5 Rxa5 38. Qc3+ Qe5 39. Qxe5+ Rxe5 40. Rc1 Rc5
41. Kg1 Kf6 42. Kf2 Ke5 43. Ke3 f5 44. g3 h5 45. Kd3 Kf6 46. Kd4 Rc8 47. c5 Kg5
48. Ke5 Re8+ 49. Kd6 Kg4 50. Rc3 f4 51. gxf4 Kxf4 52. c6 h4 53. c7 Kg4 54. c8=Q+
Rxc8 55. Rxc8 h3 56. Ke5 h2 57. Rh8 Kg3 58. Ke4 Kg2 59. Rg8+ Kf1 60. Rf8+ Kg2
61. Rg8+ 1/2-1/2

[Event "FIDE World Rapid 2013"]
[Site "Khanty-Mansiysk RUS"]
[Date "2013.06.07"]
[Round "8.1"]
[White "Andreikin, Dmitry"]
[Black "Nepomniachtchi, Ian"]
[Result "1/2-1/2"]
[WhiteTitle "GM"]
[BlackTitle "GM"]
[WhiteElo "2713"]
[BlackElo "2717"]
[WhiteFideId "4158814"]
[BlackFideId "4168119"]
[EventDate "2013.06.06"]

1. d4 Nf6 2. Nf3 g6 3. Nbd2 Bg7 4. e4 d6 5. c3 O-O 6. Bd3 e5 7. O-O Nc6 8. Re1
h6 9. dxe5 Nxe5 10. Nxe5 dxe5 11. Nf3 Qe7 12. Qe2 Rd8 13. Bc4 b6 14. h3 Bb7 15.
Qc2 a5 16. a4 1/2-1/2

[Event "FIDE World Rapid 2013"]
[Site "Khanty-Mansiysk RUS"]
[Date "2013.06.07"]
[Round "8.4"]
[White "Le, Quang Liem"]
[Black "Grischuk, Alexander"]
[Result "1/2-1/2"]
[WhiteTitle "GM"]
[BlackTitle "GM"]
[WhiteElo "2712"]
[BlackElo "2779"]
[WhiteFideId "12401137"]
[BlackFideId "4126025"]
[EventDate "2013.06.06"]

1. Nf3 Nf6 2. c4 g6 3. Nc3 Bg7 4. g3 c5 5. Bg2 O-O 6. O-O Nc6 7. d4 cxd4 8. Nxd4
Qa5 9. e3 d6 10. Nde2 Bd7 11. b3 a6 12. Bd2 Rfc8 13. a4 Rab8 14. h3 Qd8 15. e4
Be8 16. Rb1 Nd7 17. Bg5 h6 18. Be3 Nc5 19. Kh2 Kh7 20. Qd2 Na5 21. Qa2 Nc6 22.
Rfd1 Nb4 23. Qd2 b5 24. axb5 axb5 25. Nd5 bxc4 26. Nxb4 c3 27. Nxc3 Rxb4 28. Na4
Nxa4 29. Qxb4 Nc3 30. Bb6 Qd7 31. Bd4 Nxd1 32. Rxd1 Qb5 33. Qxb5 Bxb5 34. Bxg7
Kxg7 35. e5 dxe5 36. Rd5 Rb8 37. Rxe5 Bd7 38. Rxe7 Be6 39. Rb7 Rxb7 40. Bxb7
Bxb3 1/2-1/2

[Event "FIDE World Rapid 2013"]
[Site "Khanty-Mansiysk RUS"]
[Date "2013.06.07"]
[Round "8.6"]
[White "Safarli, Eltaj"]
[Black "Grachev, Boris"]
[Result "0-1"]
[WhiteTitle "GM"]
[BlackTitle "GM"]
[WhiteElo "2660"]
[BlackElo "2683"]
[WhiteFideId "13402129"]
[BlackFideId "4129199"]
[EventDate "2013.06.06"]

1. e4 c5 2. Nf3 e6 3. g3 Nc6 4. Bg2 Nf6 5. Qe2 d6 6. O-O Be7 7. c3 O-O 8. d4 d5
9. e5 Nd7 10. h4 a5 11. a4 b6 12. Re1 Ba6 13. Qd1 Rc8 14. Bf1 Bxf1 15. Kxf1 f6
16. exf6 Nxf6 17. Kg2 Ne4 18. Nbd2 cxd4 19. Nxe4 dxe4 20. Nxd4 Nxd4 21. Qxd4 Bc5
22. Qxe4 Rxf2+ 23. Kh3 Qd7 24. Qxe6+ Qxe6+ 25. Rxe6 Rf1 26. Re2 Rcf8 27. b3 Rh1+
28. Rh2 Rxh2+ 29. Kxh2 Rf3 30. Bf4 Rxc3 31. Rd1 Rxb3 32. Rd7 Rb2+ 33. Kh3 Re2
34. Kg4 Re7 35. Rxe7 Bxe7 36. Kf5 Kf7 37. Ke5 Bc5 38. Kd5 h5 39. Kc6 Bf2 40. Bc7
Ke6 41. Bxb6 Bxg3 42. Bxa5 Bxh4 43. Bb6 Be1 44. a5 h4 45. a6 h3 46. Bc7 Bf2 47.
Kb5 Kf5 48. Kc4 Ke4 49. Bg3 Ba7 50. Bd6 g5 51. Kc3 g4 52. Kd2 Kf3 0-1

[Event "FIDE World Rapid 2013"]
[Site "Khanty-Mansiysk RUS"]
[Date "2013.06.07"]
[Round "8.8"]
[White "Ponomariov, Ruslan"]
[Black "Khismatullin, Denis"]
[Result "1-0"]
[WhiteTitle "GM"]
[BlackTitle "GM"]
[WhiteElo "2743"]
[BlackElo "2658"]
[WhiteFideId "14103320"]
[BlackFideId "4142578"]
[EventDate "2013.06.06"]

1. Nf3 c5 2. c4 Nc6 3. Nc3 Nf6 4. g3 d5 5. d4 e6 6. cxd5 Nxd5 7. Bg2 Be7 8. O-O
cxd4 9. Nxd5 exd5 10. Nxd4 O-O 11. Be3 Bg4 12. Rc1 Qd7 13. Qa4 Nxd4 14. Qxd4
Rfd8 15. Rfd1 Be6 16. Bf4 Qb5 17. Be5 Bf8 18. Qd3 Qxd3 19. Rxd3 Rd7 20. Bd4 f6
21. Rdc3 b6 22. e3 Kf7 23. Bf1 Bb4 24. Rc6 Rad8 25. Bd3 Bd6 26. f4 g6 27. Kf2
Be7 28. Kf3 f5 29. a3 Bf6 30. Bb5 Re7 31. Bxf6 Kxf6 32. Rd1 Kf7 33. Rd4 Red7 34.
h3 h5 35. h4 Re7 36. Kf2 Bc8 37. Bc4 Be6 38. Bb3 Red7 39. Ke2 Rd6 40. Rc3 Ke7
41. Kd2 R6d7 42. Ba4 Rb7 43. Bb5 Kf7 44. Bc6 Re7 45. Rcd3 Rc7 46. Bxd5 Bxd5 47.
Rxd5 Rxd5 48. Rxd5 Ke6 49. Rd4 Rc6 50. a4 Rc7 51. e4 fxe4 52. Rxe4+ Kf6 53. Re5
Rd7+ 54. Kc3 Rd1 55. b4 Rg1 56. Rg5 Ra1 57. a5 bxa5 58. bxa5 Rb1 59. Kc4 a6 60.
Rd5 Rg1 61. Rd6+ Kf5 62. Rxa6 Rxg3 63. Rd6 Kxf4 64. a6 Ra3 65. Rxg6 Ra1 66. Kb5
Rb1+ 67. Kc6 Kf5 68. Rg5+ 1-0

[Event "FIDE World Rapid 2013"]
[Site "Khanty-Mansiysk RUS"]
[Date "2013.06.07"]
[Round "8.9"]
[White "Vallejo Pons, Francisco"]
[Black "Frolyanov, Dmitry"]
[Result "1-0"]
[WhiteTitle "GM"]
[BlackTitle "GM"]
[WhiteElo "2706"]
[BlackElo "2570"]
[WhiteFideId "2205530"]
[BlackFideId "4151976"]
[EventDate "2013.06.06"]

1. e4 e5 2. Nf3 Nf6 3. Nc3 Nc6 4. Bb5 Nd4 5. Ba4 Bc5 6. d3 Nxf3+ 7. gxf3 c6 8.
Rg1 Bf8 9. f4 d6 10. Bb3 Qc7 11. Qf3 exf4 12. Bxf4 Be6 13. Bg5 Nd7 14. d4 Bxb3
15. axb3 g6 16. O-O-O Bg7 17. Qg3 Nb6 18. f4 f6 19. Bh4 O-O-O 20. Qf3 Rde8 21.
f5 g5 22. Bg3 h5 23. h3 a6 24. Kb1 Kb8 25. Rgf1 Nc8 26. e5 fxe5 27. f6 Rhf8 28.
dxe5 dxe5 29. Ne4 Bh8 30. Qxh5 Qf7 31. Qxg5 Ka8 32. Qf5 Qe6 33. f7 Re7 34. Bh4
Qxf5 35. Rxf5 1-0

[Event "FIDE World Rapid 2013"]
[Site "Khanty-Mansiysk RUS"]
[Date "2013.06.07"]
[Round "8.10"]
[White "Kurnosov, Igor"]
[Black "Inarkiev, Ernesto"]
[Result "0-1"]
[WhiteTitle "GM"]
[BlackTitle "GM"]
[WhiteElo "2657"]
[BlackElo "2680"]
[WhiteFideId "4142527"]
[BlackFideId "4162722"]
[EventDate "2013.06.06"]

1. e4 e5 2. Nf3 Nc6 3. Bc4 Nf6 4. Ng5 d5 5. exd5 Na5 6. Bb5+ c6 7. dxc6 bxc6 8.
Bd3 Be7 9. O-O h6 10. Ne4 Nd5 11. Ng3 O-O 12. Bf5 Ba6 13. d3 c5 14. Be4 Rc8 15.
Nf5 Nf6 16. Nc3 Re8 17. Qf3 Bf8 18. b3 Nxe4 19. Nxe4 Re6 20. Be3 Bb7 21. Qg3 Kh7
22. f4 c4 23. fxe5 Rg6 24. Qh4 cxd3 25. cxd3 Qxd3 26. Neg3 Rc2 27. Rf2 Rxf2 28.
Bxf2 Qd5 29. Ne3 Qxe5 30. Re1 Nc6 31. Nc4 Qc3 32. Qf4 Bc5 33. Qd2 Qxd2 34. Nxd2
Bb4 35. Re2 Rd6 36. Nge4 Rd5 37. a3 Bxa3 38. Nc4 Bb4 39. h3 a5 40. Kh2 Nd4 41.
Bxd4 Rxd4 42. Ng3 Ba6 43. Nf5 Rd3 44. Ra2 Bxc4 45. bxc4 Rc3 46. g4 Rxc4 47. Kg2
g6 48. Ne3 Rd4 49. Kf3 Kg7 50. h4 Bd2 51. Nc2 Rf4+ 52. Kg3 Rc4 53. h5 Kf6 54.
hxg6 fxg6 55. Na3 Be1+ 56. Kf3 Ra4 57. Kg2 Ke5 0-1

[Event "FIDE World Rapid 2013"]
[Site "Khanty-Mansiysk RUS"]
[Date "2013.06.07"]
[Round "8.12"]
[White "Bologan, Viktor"]
[Black "Mamedov, Rauf"]
[Result "0-1"]
[WhiteTitle "GM"]
[BlackTitle "GM"]
[WhiteElo "2672"]
[BlackElo "2637"]
[WhiteFideId "13900048"]
[BlackFideId "13401653"]
[EventDate "2013.06.06"]

1. d4 Nf6 2. c4 g6 3. Nc3 Bg7 4. e4 d6 5. Nge2 O-O 6. Ng3 c5 7. d5 e6 8. Be2
exd5 9. cxd5 a6 10. a4 Re8 11. O-O h5 12. Bg5 Qc7 13. f4 Nh7 14. Bh4 Nd7 15. e5
f5 16. Bxh5 gxh5 17. Qxh5 Rf8 18. e6 Ndf6 19. Qg6 Kh8 20. Nxf5 Rg8 21. Nxg7 Qxg7
22. Qxg7+ Kxg7 23. f5 b6 24. h3 Bb7 25. Rad1 Kh6 26. Kh2 b5 27. axb5 axb5 28. g4
Ng5 29. Nxb5 Ba6 30. Nxd6 Bxf1 31. Rxf1 Nxd5 32. Kg3 Rab8 33. Bxg5+ Kxg5 34. h4+
Kf6 35. g5+ Ke7 36. Nc4 Rb4 37. Rd1 Nf6 38. b3 Rxb3+ 39. Kf4 Rb4 40. gxf6+ Kxf6
41. Rc1 Rh8 42. Kg3 Rb3+ 43. Kg4 Rd3 44. h5 Rd4+ 45. Kg3 Rd3+ 46. Kf4 Rd4+ 47.
Kg3 Rd3+ 48. Kg2 Rxh5 49. Re1 Rg5+ 50. Kf2 Rxf5+ 51. Kg2 Rd8 52. Ne3 Rg8+ 0-1

[Event "FIDE World Rapid 2013"]
[Site "Khanty-Mansiysk RUS"]
[Date "2013.06.07"]
[Round "8.13"]
[White "Salem, A.R. Saleh"]
[Black "Vitiugov, Nikita"]
[Result "1/2-1/2"]
[WhiteTitle "GM"]
[BlackTitle "GM"]
[WhiteElo "2531"]
[BlackElo "2734"]
[WhiteFideId "9301348"]
[BlackFideId "4152956"]
[EventDate "2013.06.06"]

1. d4 Nf6 2. c4 e6 3. Nc3 Bb4 4. e3 O-O 5. Bd3 c5 6. Nf3 b6 7. O-O Bxc3 8. bxc3
Bb7 9. Nd2 Nc6 10. Nb3 d6 11. a4 Re8 12. e4 cxd4 13. cxd4 e5 14. d5 Nb4 15. f3
a5 16. Be2 Nd7 17. Be3 Nc5 18. Nxc5 bxc5 19. Qd2 Bc8 20. f4 exf4 21. Rxf4 Ra7
22. Raf1 f6 23. Bd3 Re5 24. Rh4 Rae7 25. Bb1 Bd7 26. Bf4 Bxa4 27. Bxe5 Rxe5 28.
Rh3 Bd7 29. Rg3 Kh8 30. Rf4 Qe7 31. h3 h6 32. Rgf3 Kh7 33. Rg3 Be8 34. Qd1 Bd7
35. Qd2 Be8 36. Qd1 Bd7 37. Qd2 Be8 38. Qd1 1/2-1/2